000 00525nam a2200205Ia 4500
005 20260429112135.0
008 260429s9999||||xx |||||||||||||| ||und||
020 _a9781350201897
041 _aEnglish
082 _a781.59
_bJOH
100 _aJohnson, Carol
245 0 _aFramework for teaching music online /
_cCarol Johnson
250 _a1st ed.
260 _aLondon :
_bBloomsbury Academic,
_c2024.
300 _aix, 199 p.; pbk
650 _a Framework
650 _a Teaching
650 _aMusic
942 _cTB
999 _c52553
_d52553